000 00543nam a2200169Ia 4500
003 GCL
008 140319s9999 xx 000 0 ara d
040 _aGCL /
_cGCL
082 0 4 _a813.06
_bع ك
100 1 _aعمرو عبدالسميع
245 1 0 _aكفاحى : صفحات من سيرة المنضل المتقاعد طلبة هريدى وحكايات اخرى /
_cعمرو عبدالسميع
300 _a175 ص
490 _a
650 0 4 _aالادب العربى
650 0 4 _aالادب العربى الهزلى
942 _2ddc
_cBK
999 _c45479
_d45479